| 000 | 00835nam2a22002291 4500 | ||
|---|---|---|---|
| 001 | rc\4073718 | ||
| 005 | 20130415153340.5 | ||
| 035 | _a(NLR Aleph) 007966256 | ||
| 090 |
_a8431033 _c8431033 |
||
| 100 | _a20130415d1949 |||y0rusy50 ca | ||
| 101 | 0 | _arus | |
| 102 | _aRU | ||
| 105 | _ay z ||||| | ||
| 200 | 1 | _aПамятка руководителю народного хора | |
| 210 | _d1949 | ||
| 461 | 0 |
_1001rc\4073717 _12001#$aМетодическая библиотечка для руководителей художественной самодеятельности$eВып. № 2-$fСвердл. обл. дом нар. творчества$vВып. 2 |
|
| 700 | 1 |
_aХристиансен _bЛ. Л. |
|
| 801 | 0 |
_aRU _bNLR _gpsbo |
|
| 801 | 1 |
_aRU _bELAR _2rusmarc |
|
| 852 |
_aNLR _jИс80 Г-6/28 |
||
| 942 | _cBOOK | ||
| 980 | _aNB | ||